| 000 | 01704nam a2200253 4500 | ||
|---|---|---|---|
| 001 | vtls002366760 | ||
| 003 | MY-SjTCS | ||
| 005 | 20200306154007.0 | ||
| 008 | 110218s2001 at 001 eng | ||
| 020 | _a0534528503 | ||
| 039 | 9 |
_a201910011731 _bummi _c201102181415 _dVLOAD _y200407271936 _zVLOAD |
|
| 082 | 0 | 4 |
_a303.482 _bORB |
| 100 | 1 |
_aOrbe, Mark P. _9205546 |
|
| 245 | 1 | 0 |
_aInterracial communication : _btheory into practice / _cMark P. Orbe, Tina M. Harris |
| 260 |
_aAustralia : _bWadsworth, _cc2001. |
||
| 300 |
_axviii, 326 p. ; _c24 cm. |
||
| 505 | 0 | _aPreface. - Acknowledgments. - Pt. One. Foundations for interracial communication theory and practice. Ch. 1. Studying interracial communication. Ch. 2. The history of race. Ch. 3. The power of language, labels, and naming. Ch. 4. The development of racial identity and racial perceptions. Ch. 5. Recognizing multiple self-identities and other identities. Ch. 6. Theoretical approaches to studying interracial communication. - Pt. Two. Interracial communication in specific contexts. Ch. 7. Interracial friendships. Ch. 8. Interracial romantic relationships. Ch. 9. Interracial communication in the context of organizations. Ch. 10. Public/small group communication. Ch. 11. Race/ethnicity, interracial communication, and the mass media. Ch. 12. Moving from the theoretical to the practical. - References. - Author index. - Subject index. | |
| 650 | 0 |
_aPluralism (Social sciences) _zUnited States. _9205547 |
|
| 650 | 0 |
_aIntercultural communication _938652 |
|
| 651 | 0 |
_aUnited States _xEthnic relations. _94904 |
|
| 651 | 0 |
_aUnited States _xRace relations. _94905 |
|
| 700 | 1 |
_aHarris, Tina M. _e(j.a.) _9205548 |
|
| 920 | _aMCS(USM) : 201134 | ||
| 999 | _c23899 | ||